Environmental economics : First canadian edition / (Record no. 2234)

MARC details
000 -LEADER
fixed length control field 00711nam a22001457a 4500
020 ## - INTERNATIONAL STANDARD BOOK NUMBER
ISBN 9780075517160
050 ## - CALL NUMBER
Classification number HC79
Item number .E5F54
245 ## - TITLE
Title Environmental economics : First canadian edition /
Statement of responsibility, etc Barry C Field, Nancy D. Olewiler
260 ## - PUBLICATION INFORMATION
Place of publication New York :
Name of publisher McGraw-Hill,
Year of publication ©1995.
300 ## - DESCRIPTION
Number of Pages xiv, 511 pages :
Other physical details illustrations ;
Dimensions 24 cm.
440 ## - SERIES
SERIES McGraw-Hill international editions., Economics series.
500 ## - NOTES
General note Includes index<br/>
505 ## - FORMATTED CONTENTS NOTE
Table of Content Introduction : what is environmental economics? --<br/>Analytical tools --<br/>Environmental analysis --<br/>Environmental policy analysis --<br/>Environmental policy in the Canada --<br/>international environmental issues --<br/>Name index --<br/>Subject index.
942 ## - ADDED ENTRY ELEMENTS (KOHA)
Koha item type Books
Holdings
Withdrawn status Lost status Collection code Home library Current library Shelving location Date acquired Full call number Accession Number Copy number Koha item type
    Reference Methodist University Library Main Methodist University Library Main General Stacks   HC79 .E5F54 4575 1 Books
Copyright © 2026  MUG Library